From East Bengal to Bangladesh : (Record no. 959)

MARC details
000 -LEADER
fixed length control field 00633nam a22002057a 4500
003 - CONTROL NUMBER IDENTIFIER
control field BD-DhJNU
005 - DATE AND TIME OF LATEST TRANSACTION
control field 20250122065625.0
008 - FIXED-LENGTH DATA ELEMENTS--GENERAL INFORMATION
fixed length control field 241201b |||||||| |||| 00| 0 eng d
020 ## - INTERNATIONAL STANDARD BOOK NUMBER
International Standard Book Number 9789845062473
040 ## - CATALOGING SOURCE
Original cataloging agency BD-DhJNU
Language of cataloging eng
Transcribing agency BD-DhJNU
Modifying agency BD-DhJNU
082 ## - DEWEY DECIMAL CLASSIFICATION NUMBER
Edition number 23
Classification number 954.92 ALF
100 ## - MAIN ENTRY--PERSONAL NAME
Personal name Ali, Shaikh Maqsood
245 ## - TITLE STATEMENT
Title From East Bengal to Bangladesh :
Remainder of title dynamics and perspectives /
Statement of responsibility, etc. Shaikh Maqsood Ali
260 ## - PUBLICATION, DISTRIBUTION, ETC.
Place of publication, distribution, etc. Dhaka :
Name of publisher, distributor, etc. The University Press Limited,
Date of publication, distribution, etc. 2017.
300 ## - PHYSICAL DESCRIPTION
Extent xxvi, 513 p. :
Dimensions 22 cm.
504 ## - BIBLIOGRAPHY, ETC. NOTE
Bibliography, etc. note includes index
650 ## - SUBJECT ADDED ENTRY--TOPICAL TERM
Topical term or geographic name entry element History
650 ## - SUBJECT ADDED ENTRY--TOPICAL TERM
Topical term or geographic name entry element Bangladesh Politics and government
942 ## - ADDED ENTRY ELEMENTS (KOHA)
Source of classification or shelving scheme Dewey Decimal Classification
Koha item type Books
Suppress in OPAC No
Holdings
Withdrawn status Lost status Source of classification or shelving scheme Damaged status Not for loan Collection Home library Current library Shelving location Date acquired Source of acquisition Total checkouts Full call number Barcode Date last seen Copy number Price effective from Koha item type
    Dewey Decimal Classification     Non-fiction Jagannath University Central Library Jagannath University Central Library General stacks 12/01/2024 Purchase   954.92 ALF JNUCL32582 12/01/2024 1 12/01/2024 Books
    Dewey Decimal Classification     Non-fiction Jagannath University Central Library Jagannath University Central Library General stacks 12/31/2024 Purchased   954.92 ALF JNUCL32363 12/31/2024 3 12/31/2024 Books
    Dewey Decimal Classification     Non-fiction Jagannath University Central Library Jagannath University Central Library General stacks 12/31/2024 Purchased   954.92 ALF JNUCL32362 12/31/2024 2 12/31/2024 Books
    Dewey Decimal Classification     Non-fiction Jagannath University Central Library Jagannath University Central Library General stacks 01/22/2025 Purchased   954.92 ALF JNUCL35231 01/22/2025 4 01/22/2025 Books